Láska neumiera pre klavír

Podrobná bibliografia
Hlavný autor: Štefánek, Lumír (Skladateľ)
Médium: Hudobnina Kniha
Jazyk:slovenčina
Fyzický popis:1 partitúra (6 s.) 30 cm
Vydavateľské údaje: Banská Bystrica Róbert Tatár - PRESTO 2007
Predmet:

MARC

LEADER 00000ccm a2200000 a 4500
001 vtls010283406
003 SK-MaSNL
005 20260331205404.0
007 qu
008 110603s2007 xo zzgegr u slo
015 |a SNBH2013 
024 2 |a 9790685010579 (brož.) 
040 |a SNK  |b slo  |c SNK  |e AACR2 
041 0 |a slo 
044 |a xo  |c SK 
048 |a ka01 
072 7 |a 786  |x Hudba pre klávesové nástroje  |2 konspekt 
080 |a 786.2  |2 2001 
080 |a 78.089.6  |2 2001 
084 |a 1.1.4  |2 snlmc 
100 1 |a Štefánek, Lumír  |4 cmp  |9 318022 
245 1 0 |a Láska neumiera  |h hudobnina  |b pre klavír  |c Lumír Štefánek ; noty písal Róbert Tatár 
254 |a Partitúra 
260 |a Banská Bystrica  |b Róbert Tatár - PRESTO  |c 2007 
300 |a 1 partitúra (6 s.)  |c 30 cm 
366 |e 200 výt. 
650 0 7 |a inštrumentálna hudba (klavír)  |2 SNKPH  |9 68435 
650 0 7 |a Instrumental music (piano)  |2 SNKPHeng  |9 349977 
655 7 |a partitúry pre sólový nástroj  |2 SNKPH  |9 70508 
655 7 |a Scores for solo instrument  |2 SNKPHeng  |9 285315 
700 1 |a Tatár, Róbert,  |d 1947-  |4 oth  |9 108481 
852 |a Štátna vedecká knižnica v Banskej Bystrici 
919 |a 979-0-68501-057-9 
924 |a klavír 
999 |c 749549  |d 751479 
952 |a SNK  |b SNK  |y PREZ  |7 0  |p 17A0875978  |o snkHSB 4470  |i snk2012/1638  |8 0  |0 0  |1 0  |4 0  |d 2012-01-20  |l 0  |r 2026-02-23 23:27:44  |w 2026-02-23 
952 |a SNK  |b SNK  |y VYP  |7 0  |p 17A0875977  |o snkHSB 4470 D1  |i snk2012/1639  |8 0  |0 0  |1 0  |4 0  |d 2012-01-20  |l 0  |r 2026-02-23 23:27:44  |w 2026-02-23